| 000 | 02098nam0a2200385 4500 | ||
|---|---|---|---|
| 001 | RU\NLR\bibl\1015288 | ||
| 005 | 20260407092737.0 | ||
| 010 |
_a5-02-034020-0 _9500 |
||
| 021 |
_aRU _b2006-69395 _93491 |
||
| 035 | _a(NLR Aleph) 001002871 | ||
| 090 |
_a589745 _c589745 |
||
| 100 | _a20061130d2006 |||y0rusy50 ca | ||
| 101 | 0 |
_arus _dspa _eepo |
|
| 102 | _aRU | ||
| 105 | _ay ||||||||| | ||
| 200 | 1 |
_aТрансграничный терроризм _dTerrorismo transfronterizo _eугрозы безопасности и императивы международного сотрудничества _eлатиноамериканский вектор _f[д.полит.н. Б.Ф. Мартынов, д.и.н. Б.И. Коваль, к.и.н. С.И. Семенов и др. _gотв. ред. д.полит.н. Б.Ф. Мартынов _gРос. акад. наук, Ин-т Латин. Америки] _zspa |
|
| 210 |
_aМосква _cНаука _d2006 |
||
| 215 |
_a236, [1] с. _d22 |
||
| 300 | _aРез. на исп. яз. | ||
| 320 | _aБиблиогр. в конце гл. и в подстроч. примеч. | ||
| 510 | 0 |
_aTerrorismo transfronterizo _zspa |
|
| 606 | 1 |
_aТерроризм международный _91566931 _3RU\NLR\auth\66686128 |
|
| 606 | 1 |
_aТерроризм _yЛатиноамериканские страны _z2-я пол. 20 в. - нач. 21 в. _92451830 _3RU\NLR\auth\661457717 |
|
| 686 | _aФ011.42 | ||
| 701 | 1 |
_4070 _8rus _7ca _aМартынов _bБ. Ф. _cд-р полит. наук _f1953- _gБорис Федорович _3RU\NLR\AUTH\7768649 _951577 |
|
| 701 | 1 |
_aКоваль _bБ. И. _gБорис Иосифович _4070 |
|
| 701 | 1 |
_4070 _7ca _8rus _aСемёнов _bС. И. _cканд. ист. наук _f1929- _gСергей Иванович _9190275 _3RU\NLR\AUTH\770190326 |
|
| 712 | 0 | 2 |
_4570 _aИнститут Латинской Америки _cМосква _3RU\NLR\AUTH\8822179 _9318592 |
| 801 | 0 |
_aRU _bNLR _c20061130 _grcr |
|
| 801 | 1 |
_aRU _bNLR _c20061130 |
|
| 830 | _aавт. по ЭК | ||
| 942 | _cBOOK | ||
| 980 | _aNB | ||